| 000 | 00449nam a2200157Ia 4500 | ||
|---|---|---|---|
| 003 | GCL | ||
| 008 | 140319s9999 xx 000 0 eng d | ||
| 040 |
_aGCL / _cGCL |
||
| 082 | 0 | 4 |
_a621.89 _bS S |
| 245 | 1 | 0 | _aSYNTHETIC LUBRICANTS AND HIGH - PERFORMANCE FUNCTIONAL FLUDE |
| 260 |
_a[S.N] : _bMacmillan Publishing Company ، _c1993 |
||
| 300 |
_a24 CM ؛ _c591 P |
||
| 650 | 0 | 4 | _aSYNTHETIC LUBRICANTS |
| 650 | 0 | 4 | _aHYDRAULIC FLUIDS |
| 942 |
_2ddc _cBK |
||
| 999 |
_c17174 _d17174 |
||